000 01719nam0a2200361 i 4500
001 RU\NLR\bibl\1890423
005 20260405231659.0
010 _a9785397028424
021 _aRU
_b2012-19686
_91488
035 _a(NLR Aleph) 001880117
090 _a2779216
_c2779216
100 _a20120409d2012 u y0rusy50 ca
101 1 _arus
_cfre
102 _aRU
105 _aa |||||||||
200 1 _aОб организованных телах, существующих в атмосфере
_eопровержение учения о самопроизвольном зарождении
_eперевод с французского
_fЛ. Пастер
205 _aИзд. 2-е
_b[репр.]
210 _aМосква
_cURSS
_cЛиброком
_d2012
215 _a[2], 110, [3] с.
_cил.
_d22
225 1 _aИз наследия естественно-научной мысли: биология
300 _aНа тит. л. ориг. изд.: С. Петербург: Тип. А.П. Червякова, 1864
300 _aНа тит. л. загл. также на фр. яз.: Mémoire sur les corpuscules organisés qui existent dans l'atmosphère
300 _aАвт. также на фр. яз.: Louis Pasteur
517 1 _6z01790
_aMémoire sur les corpuscules organisés qui existent dans l'atmosphère
_zfre
606 1 _aЖизнь
_xПроисхождение
_xТеория
_92325307
_3RU\NLR\auth\661390894
686 _aЕ013
700 1 _4070
_8rus
_7ca
_aПастер
_bЛ.
_f1822-1895
_gЛуи
_3RU\NLR\auth\77105559
_988484
790 1 _6z01517
_aPasteur
_bL.
_f1822-1895
_gLouis
_4070
801 0 _aRU
_bNLR
_c20120409
_gRCR
801 1 _aRU
_bNLR
_c20120409
942 _cBOOK
980 _aNBR